| 000 | 00780cam a22001691 4500 | ||
|---|---|---|---|
| 082 |
_a297.642 _bFAZ _cL31,P78 |
||
| 100 | 1 |
_aAhmad, Fazl. _937392 |
|
| 245 | 1 | 0 | _aOmar the second caliph of Islam. |
| 250 | _a[Rev. ed.] | ||
| 260 |
_aLahore, _bSh. Muhammad Ashraf, _c1968. |
||
| 300 |
_a102p. _c18 cm. |
||
| 505 | 0 | _av. 1. Muhammad, the prophet of Islam.--v. 2. Abu Bakr, the first caliph of Islam.--v. 3. Omar, the second caliph of Islam.--v. 4. Othman, the third caliph of Islam.--v. 5. Ali, the fourth caliph of Islam.--v. 6. Khalid bin Walid.--v. 7. Muhammad bin Qasim.--v. 8. Mahmood of Ghazni.--v. 9. Mohy-ud-Din Alamgir Aurangzeb.--v. 10. Sultan Tipu. | |
| 526 |
_a0 _b0 _c0 _d297_642000000000000_FAZ |
||
| 650 | 0 |
_aMCE _9379 |
|
| 650 | 0 |
_aOMAR,Islam _937506 |
|
| 942 |
_2ddc _cBK |
||
| 999 |
_c542373 _d542373 |
||